Naturaleza, historia, Dios

Salvato in:
Dettagli Bibliografici
Autore principale: Zubiri, Xavier (Autore)
Natura: Libro
Lingua:spagnolo
Pubblicazione: Madrid Editora Nacional 1974
Soggetti:
Tags: Aggiungi Tag
Nessun Tag, puoi essere il primo ad aggiungerne!!

MARC

LEADER 00000nam a2200000 a 4500
001 UCX8867
003 CL-VaPUC
008 940503e19740000SP |||||||||||||||||spa|d
082 0 4 |a 128  |b ZUB  |2 21 
100 0 |a Zubiri, Xavier  |e author  |9 216 
245 1 0 |a Naturaleza, historia, Dios 
300 |a 483 p 
942 |c BK 
945 |d 19940503 00:00:00  |a aalvarez 
260 |a Madrid  |b Editora Nacional  |c 1974 
650 0 |a Filosofía de la religión   |9 256017 
650 0 |a Filosofía española   |9 254895 
583 |a last modification  |c 20170530 05:24:54  |k Rodrigo Vera 
999 |c 228249  |d 228247 
952 |0 0  |1 0  |4 0  |6 128_000000000000000_ZUB_1974  |7 0  |8 A  |9 228097  |a BIBEDU  |b BIBEDU  |d 2019-11-15  |i 1562010  |o 128 ZUB 1974  |p 1562010  |r 2019-11-15  |w 2019-11-15  |y BK  |k FIL